书目信息 |
| 题名: |
欧美富豪点金术
|
|
| 作者: | 王义刚 编著 | |
| 分册: | ||
| 出版信息: | 南宁 广西民族出版社 1995.05 |
|
| 页数: | 282页 | |
| 开本: | 32开 | |
| 丛书名: | ||
| 单 册: | ||
| 中图分类: | F713.5 | |
| 科图分类: | ||
| 主题词: | 商业经济--国内 | |
| 电子资源: | ||
| ISBN: | 7-5363-2991-1 | |
| 000 | 00563nam0 2200193 45 | |
| 001 | 0011241064 | |
| 005 | 20001124111138.6 | |
| 010 | @a7-5363-2991-1@d11.00元 | |
| 100 | @a20001124d1995 km y0chiy0120 ea | |
| 101 | 0 | @achi |
| 105 | @a z 000yy | |
| 200 | 1 | @a欧美富豪点金术@f王义刚等编著@AOu Mei Fu Hao Dian Jin Shu@FWang Yi Gang Deng Bian Zhu |
| 210 | @a南宁@c广西民族出版社@d1995.05 | |
| 215 | @a282页@d32开 | |
| 606 | 0 | @a商业经济@x国内 |
| 690 | @aF713.5@v3 | |
| 701 | 0 | @a王义刚@4编著 |
| 801 | @aCN@bPftUser@c20001124 | |
| 905 | @dF713.5@eW283@b502510-511@f2 | |
| 欧美富豪点金术/王义刚等编著.-南宁:广西民族出版社,1995.05 |
| 282页;32开 |
| ISBN 7-5363-2991-1:11.00元 |
| ● |
| 相关链接 |
|
|
|
正题名:欧美富豪点金术
索取号:F713.5/W283
 
预约/预借
| 序号 | 登录号 | 条形码 | 馆藏地/架位号 | 状态 | 备注 |
| 1 | 502510 | 205025104 | 管理学院资料室/ [索取号:F713.5/W283] | 在馆 | |
| 2 | 502511 | 205025113 | 社科二线422/409社科库 43排1列1层/ [索取号:F713.5/W283] | 在馆 |